000 00747nam a2200193 a 4500
001 BRCA_2133
005 20190320203700.0
008 120808s1992----mx-#---###---#000-0#spa-#
050 4 _aF1391.P8
_b.L43 78
_c1992
100 1 _aGonzález Hermosillo, Francisco
_94356
245 1 0 _aEl gobierno indio en la Cholula colonial
_cFrancisco González Hermosillo.
260 _aPuebla, México
_bGobierno del Estado de Puebla : Secretaría de Cultura : Comisión Puebla V Centenario
_c1992
300 _a21 p.
_c21 cm.
440 0 _aLecturas Históricas de Puebla
_n78
_96441
504 _aIncluye referencias bibliográficas
651 4 _aPuebla (México)
_xHistoria
_9409
651 4 _aPuebla (México)
_xPolítica y gobierno
_zCholula
_96442
942 _2lcc
_cB
999 _c1890
_d1890